Languages by Family - Statistics

General Stats
  • This quiz has been taken 49 times
  • The average score is 51 of 64
Answer Stats
Hint Answer % Correct
Portuguese Romance
95%
Dutch Germanic
92%
German Germanic
92%
Afrikaans Germanic
92%
Latin Romance
92%
Slovak Slavic
92%
Serbo-Croatian Slavic
92%
Ukrainian Slavic
92%
Norwegian Germanic
90%
Swedish Germanic
90%
Hindi Indo-Aryan
90%
French Romance
90%
Catalan Romance
90%
Polish Slavic
90%
Slovenian Slavic
90%
Belarusian Slavic
90%
Scottish Gaelic Celtic
87%
Icelandic Germanic
87%
Danish Germanic
87%
Greek Hellenic
87%
Italian Romance
87%
Arabic Semitic
87%
Czech Slavic
87%
Bulgarian Slavic
87%
Russian Slavic
87%
Turkish Turkic
87%
Welsh Celtic
85%
Romanian Romance
85%
Hebrew Semitic
85%
Macedonian Slavic
85%
Hungarian Uralic
85%
Lithuanian Baltic
82%
English Germanic
82%
Urdu Indo-Aryan
82%
Kazak Turkic
82%
Gujarati Indo-Aryan
79%
Spanish Romance
79%
Finnish Uralic
79%
Latvian Baltic
77%
Manx Celtic
77%
Nepali Indo-Aryan
77%
Bengali Indo-Aryan
77%
Punjabi Indo-Aryan
77%
Uyghur Turkic
77%
Marathi Indo-Aryan
74%
Basque Language isolate
74%
Azerbaijani Turkic
74%
Sanskrit Indo-Aryan
72%
Persian Iranian
72%
Amharic Semitic
72%
Crimean Tatar Turkic
72%
Uzbek Turkic
72%
Kyrgyz Turkic
69%
Estonian Uralic
69%
Maltese Semitic
67%
Tamil Dravidian
64%
Telugu Dravidian
62%
Georgian Kartvelian
62%
Malayalam Dravidian
59%
Kannada Dravidian
56%
Odia Indo-Aryan
54%
Tigrinya Semitic
49%
Pashto Iranian
46%
Kurdish Iranian
44%
No matching quizzes found
Score Distribution
Percent of People with Each Score
Percentile by Number Answered
Your Score History
You have not taken this quiz